UBT Library

MATH 090 PRE ALGEBRA (Record no. 59152)

000 -LEADER
fixed length control field 00313nam a22001457a 4500
008 - FIXED-LENGTH DATA ELEMENTS--GENERAL INFORMATION
fixed length control field 221209b ||||| |||| 00| 0 eng d
020 ## - INTERNATIONAL STANDARD BOOK NUMBER
International Standard Book Number 9780534149901
041 ## - LANGUAGE CODE
Language code of text/sound track or separate title eng
080 ## - UNIVERSAL DECIMAL CLASSIFICATION NUMBER
Universal Decimal Classification number 51
082 ## - DEWEY DECIMAL CLASSIFICATION NUMBER
Classification number 51TUS
100 ## - Rafti
Rafti 22.2
101 ## - Shkurtesa
Shkurtesa MATE
245 ## - TITLE STATEMENT
Title MATH 090 PRE ALGEBRA
Statement of responsibility, etc TUSSY S A
942 ## - ADDED ENTRY ELEMENTS (KOHA)
Source of classification or shelving scheme
Item type Books
Holdings
Withdrawn status Lost status Source of classification or shelving scheme Damaged status Not for loan Permanent location Current location Date acquired Total Checkouts Full call number Barcode Date last seen Price effective from Koha item type Collection code
          UBT - Lipjan UBT - Lipjan 02/08/2023   51THOM 003-264 02/08/2023 02/08/2023 Books Koleksioni i përgjithshem
          UBT - Prishtine UBT - Prishtine 12/09/2022   51TUS 002-8000287002601054 12/09/2022 12/09/2022 Books  
UBT Library © 2015-2024. All rights reserved University Education for Business and Technology